Клеопатра. Владычица зари: романы: пер. с англ.

Bibliografiske detaljer
Hovedforfatter: Хаггард Г. Р. Генри Райдер
Sprog:russisk
Udgivet: Москва, Художественная литература, 1991
Fag:
Format: Bog
KOHA link:https://koha.lib.tpu.ru/cgi-bin/koha/opac-detail.pl?biblionumber=110242

MARC

LEADER 00000nam0a2200000 4500
001 110242
005 20231031120413.0
010 |a 5280012408 
035 |a (RuTPU)RU\TPU\book\119050 
035 |a RU\TPU\book\109199 
090 |a 110242 
100 |a 20070220d1991 m y0rusy50 ca 
101 1 |a rus  |c eng 
102 |a RU 
105 |a y z 000ay 
200 1 |a Клеопатра. Владычица зари  |e романы: пер. с англ.  |f Г. Р. Хаггард 
210 |a Москва  |c Художественная литература  |d 1991 
215 |a 591 с. 
610 1 |a английская литература 
610 1 |a романы 
610 1 |a приключения 
675 |a 82  |v 3 
700 1 |a Хаггард  |b Г. Р.  |g Генри Райдер 
801 1 |a RU  |b 63413507  |c 20040910  |g PSBO 
801 2 |a RU  |b 63413507  |c 20071123  |g PSBO 
942 |c BK